000 00528nam a2200193Ia 4500
005 20250508162449.0
008 008 250505s9999 xx 000 0 hin d
037 _aTextual
040 _aFEDL
_beng
_cFEDL
041 _ahin
_2eng
084 _a100, HOC
_qFEDL
100 _aHocking William Ansrt
_9773208
245 0 _aDarshan ke prakar
260 _aJaipur, India
_bRajasthan Hindi Granth Akademi
_c1974
300 _a335p.
650 _aPhilosophy
942 _cTEXL
_h100, HOC
999 _c1376712
_d1376712